| 000 | 01119cab a22002055a 4500 | ||
|---|---|---|---|
| 001 | L145608 | ||
| 008 | 081024s2008 xxkd f s 000 0 eng d | ||
| 035 | _a(Sirsi) u145608 | ||
| 041 | 0 | _aeng | |
| 100 | 1 | _aBall, Michael | |
| 245 | 0 | 4 | _aConcentration in the housebuilding industries of Australia, the UK and the USA |
| 260 | _c2008 | ||
| 490 |
_aProject Control Professional _v46 (5) September 2008, 14-17 (4) |
||
| 520 | _aCompares sizes of house building firms and the competition in Australia, Britain and the USA. Presents the common characteristics of Australian, British and American housing markets. Analyses in particular the market shares of large building companies. Compares firm sizes and growth rates, scale economies and the impact of geographic differences in market concentration between the three countries. Concludes that the British market has the highest level of concentration and explains the reasons for this. | ||
| 651 | 4 |
_aUnited Kingdom _y |
|
| 651 | 4 | _aAustralia | |
| 651 | 4 |
_aUnited States _y1959- |
|
| 690 | _aPROPERTY-RESIDENTIAL PROPERTY-RESIDENTIAL PROPERTY MARKET | ||
| 942 | _n0 | ||
| 999 |
_c80899 _d80899 |
||